Skaza Urdisu

Bibliographic Details
Main Author: Drgoncová, Viktória, 1998- (Author)
Format: Book
Language:Slovak
PhysicalDescription:337 strán 18 cm
Published: Bratislava Art Floyd, s.r.o. 2020
ISBN:9788089889372
Edition:1. vydanie
Subjects:

MARC

LEADER 00000cam a2200000 4500
001 vtls011985679
003 SK-MaSNL
005 20260302061135.0
008 220509s2020 xo gr 010 f slo
015 |a SNBA2021/02 
020 |a 9788089889372  |q (brožované) 
035 |a urn:nbn:sk:snk-am00gkpt 
035 |a urn:nbn:sk:snk-am3j7cm 
035 |a 45EEC374-C4AC-45D3-B453-EFDF76D19005 
040 |a SNK  |b slo  |c SNK  |e AACR2 
041 0 |a slo 
044 |a xo  |c SK 
072 7 |a 821.162.4-3  |x Slovenská próza  |2 konspekt 
080 |a 821.162.4-31  |2 2011 
080 |a (0:82-312.9)  |2 2011 
100 1 |a Drgoncová, Viktória,  |d 1998-  |4 aut  |9 204030 
245 1 0 |a Skaza Urdisu  |c Viktória Drgoncová 
250 |a 1. vydanie 
264 1 |a Bratislava  |b Art Floyd, s.r.o.  |c 2020 
300 |a 337 strán  |c 18 cm 
336 |a text  |b txt  |2 rdacontent 
337 |a bez média  |b n  |2 rdamedia 
338 |a zväzok  |b nc  |2 rdacarrier 
500 |a Na obálke uvedené: Ak zostanete, zomriete s nimi 
500 |a Obsahuje biografické údaje o autorke 
655 7 |a slovenské romány  |2 SNKPH  |9 70324 
655 7 |a Fantasy novels  |2 SNKPHeng  |9 248525 
655 7 |a fantasy romány  |2 SNKPH  |9 121434 
655 7 |a Slovak fiction  |2 SNKPHeng  |9 277096 
700 1 |i Pokračovanie diela:  |a Drgoncová, Viktória,  |d 1998-  |t Mračná Urdisu  |9 355822 
787 0 8 |i Z trilógie:  |t Nepriatelia Urdisu  |g 3 
919 |a 978-80-89889-37-2 
958 |a LX 
999 |c 1124113  |d 1126043 
952 |a SNK  |b SNK  |y PREZ  |7 0  |p 17A1448374  |o snkSD 89550  |i snk2020/22353  |8 0  |0 0  |1 0  |4 0  |d 2020-12-10  |f 1  |l 0  |r 2026-02-24 18:41:16  |w 2026-02-24 
952 |a SNK  |b SNK  |y PREZ  |7 0  |p 17A1448375  |o snkSD 89550 D1  |i snk2020/22355  |8 0  |0 0  |1 0  |4 0  |d 2020-12-10  |l 0  |r 2026-02-24 18:41:16  |w 2026-02-24